| 000 | | | 03961cmc2a22002052x 450 |
| 001 | | | 4a2d8520-e703-4df9-8574-2b1b43e87cba |
| 005 | | | 20240411152304.0 |
| 100 | ## | $a | 20190924l17651911k l0rusy0189 ca |
| 101 | 0# | $a | rus |
| 102 | ## | $a | RU |
| 200 | 1# | $a | Личные и имущественные документы И. Н. и П. А. Философовых |
| | $j | 1765-1911 гг. |
| 215 | ## | $a | 262 единицы хранения |
| 251 | ## | $c | Опись |
| 327 | ## | $a | В описи представлены материалы И. Н. и П. А. Философовых: личные и имущественные документы, переписка с родственниками и другими лицами |
| 371 | ## | $a | Документ не является опубликованным и широко распространяемым |
| 461 | #0 | $1 | 0014fc847ca-d34a-4b82-9778-496e935fadfb |
| | $1 | 2001 |
| | $a | Философов Алексей Илларионович (1799-1874), генерал-адъютант, воспитатель великих князей Николая и Михаила Николаевичей, временный военный губернатор Петербурга |
| | $v | Оп. 3 |
| | $1 | 251 |
| | $c | Фонд |
| | $1 | 852 |
| | $j | 1075 |
| 801 | #0 | $a | RU |
| | $b | РГИА |
| | $c | 20190924 |
| 801 | #1 | $a | RU |
| | $b | ГлавНИВЦ |
| | $c | 20190924 |
| | $2 | rusmarc |
| 801 | #2 | $a | RU |
| | $b | ПБ им. Б.Н. Ельцина |
| | $c | 20200611 |
| | $g | RCR |
| | $2 | rusmarc |
| 850 | ## | $a | Федеральное казенное учреждение "Российский государственный исторический архив" |
| 852 | ## | $a | РГИА |
| | $j | 3 |
| 937 | ## | $h | РГИА |
| | $d | 12330384 |
| | $a | ASBIBLIO_SCAN |
| 035 | ## | $a | RusGRCC00000003 |
| 856 | ## | $u | http://readingroom.main.prlib.ru/item.aspx?id_node=n145346986&mode=full |
| 122 | 2# | $a | d1765###### |
| | $a | d1911###### |
| 300 | ## | $a | Опись состоит из четырех разделов: I. Материалы Философовых по хозйственным вопросам (25 ех) ; II. Личные и служебные материалы Философовых (11 ех) ; III. Письма разных лиц Никите Егоровичу Философову (?-1779) (5 ех) ; IV. Письма разных лиц Иллариону Никитичу (не позднее 1779 г. - конец 1830-х гг.) и Пелагее Алексеевне (урожд. Барыковой) Философовым (123 ех) |
| 300 | ## | $a | Название описи на сайте РГИА: 1765-1911 гг. |
| 517 | 1# | $a | 1765-1911 гг. |